00796nam a2200181 a 450000100060000000300090000600800410001502000150005604000280007108200160009910000180011524500350013326000300016830000190019850503480021765000240056565000250058916286CO-ViMGA141112s2004 ck r 000 u spa d a9681839390 aCO-ViMGAbspacCO-ViMGA04a696.1 H115g1 aHann, Enno R.10aGuía de plomería domestica aMexico : bLimusa, c2000 a304.p.il.fotos aPlomería domestica moderna Herramientas de plomería Datos relativos a los tubos Sistema de desague domestico Eliminación privada de desperdicios y aguas negras Instalación de la tuberia de abastecimiento Válvulas y grifos Calentadores de agua Averias y remedios del sistema de agua Aparatos sanitarios , instalación y mantenimiento14aPLOMERIA - MANUALES14aREPARACIONES CASERAS